Normal view
MARC view
- تاليف الشيخ، عز الدين حسين
Entry Personal Name
001 - CONTROL NUMBER
- control field: 15490
003 - CONTROL NUMBER IDENTIFIER
- control field: JO-AjAnu
005 - DATE AND TIME OF LATEST TRANSACTION
- control field: 20230606072754.0
008 - FIXED-LENGTH DATA ELEMENTS
- fixed length control field: 230606|| aca||aabn | a|a d
040 ## - CATALOGING SOURCE
- Original cataloging agency: JO-AjAnu
- Transcribing agency: JO-AjAnu
100 ## - HEADING--PERSONAL NAME
- Personal name: تاليف الشيخ، عز الدين حسين
670 ## - SOURCE DATA FOUND
- Source citation: Work cat.: (JO-AjAnu)7956: تاليف الشيخ، عز الدين حسين, author, مختصر الناسخ والمنسوخ في حديث رسول الله صلى الله عليه وسلم